LEADER 01145nam 2200361Ia 450 001 996394554503316 005 20200824132755.0 035 $a(CKB)3810000000006615 035 $a(EEBO)2240872770 035 $a(OCoLC)ocm12884664e 035 $a(OCoLC)12884664 035 $a(EXLCZ)993810000000006615 100 $a19851209d1683 uy | 101 0 $aeng 135 $aurbn||||a|bb| 200 10$aArs artium, or, The art of divine converse$b[electronic resource] $ea New-years-gift /$fby D. Abercromby .. 210 $aLondon $cPrinted for the author, and sold by Samuel Smith ...$d1683 215 $a[13], 55 p 300 $aReproduction of original in Bodleian Library. 330 $aeebo-0014 606 $aSpiritual exercises$vEarly works to 1800 606 $aConversation$vEarly works to 1800 615 0$aSpiritual exercises 615 0$aConversation 700 $aAbercromby$b David$fd. 1701 or 2.$01007018 801 0$bEAA 801 1$bEAA 801 2$bm/c 801 2$bWaOLN 906 $aBOOK 912 $a996394554503316 996 $aArs artium, or, The art of divine converse$92405202 997 $aUNISA LEADER 01053nam0-22003251i-450 001 990008019930403321 005 20240122150417.0 010 $a3515063250 035 $a000801993 035 $aFED01000801993 035 $a(Aleph)000801993FED01 100 $a20050308d1993----km-y0itay50------ba 101 0 $ager 102 $aDE 105 $ay-------001yy 200 1 $a<>kaiserliche Bauverwaltung in der Stadt Rom$eGeschichte und Aufbau dercura operum publicorum unter dem Prinzipat$fAnne Kolb 210 $aStuttgart$cFranz Steiner$d1993 215 $a367 p.$d24 cm 225 1 $aHeidelberger althistorische Beitrage und epigraphische Studien 676 $a349.237$v23$zita 700 1$aKolb,$bAnne$0300645 801 0$aIT$bUNINA$gRICA$2UNIMARC 901 $aBK 912 $a990008019930403321 952 $aFONDO PROFESSOR ANTONIO GUARINO IV H 71$bG/1498$fFGBC 952 $aDDR-XVII Db 037$b2567 ddr$fDDR$m21-5004 959 $aFGBC 959 $aDDR 996 $aKaiserliche Bauverwaltung in der Stadt Rom$9754314 997 $aUNINA